UBT Library

Raportimi Financiar (Record no. 60902)

000 -LEADER
fixed length control field 00256nam a22001217a 4500
008 - FIXED-LENGTH DATA ELEMENTS--GENERAL INFORMATION
fixed length control field 260316b ||||| |||| 00| 0 eng d
041 ## - LANGUAGE CODE
Language code of text/sound track or separate title eng
080 ## - UNIVERSAL DECIMAL CLASSIFICATION NUMBER
Universal Decimal Classification number 2.1
100 ## - Rafti
Rafti 22
101 ## - Shkurtesa
Shkurtesa ekon
245 ## - TITLE STATEMENT
Title Raportimi Financiar
Statement of responsibility, etc IKAF
942 ## - ADDED ENTRY ELEMENTS (KOHA)
Source of classification or shelving scheme
Item type Books
Holdings
Withdrawn status Lost status Source of classification or shelving scheme Damaged status Not for loan Collection code Permanent location Current location Date acquired Total Checkouts Barcode Date last seen Price effective from Koha item type
          Koleksioni i përgjithshem UBT - Prishtine UBT - Prishtine 03/16/2026   003-800070999200 03/16/2026 03/16/2026 Books
UBT Library © 2015-2024. All rights reserved University Education for Business and Technology